<?xml version="1.0" encoding="UTF-8"?>
<record
    xmlns:xsi="http://www.w3.org/2001/XMLSchema-instance"
    xsi:schemaLocation="http://www.loc.gov/MARC21/slim http://www.loc.gov/standards/marcxml/schema/MARC21slim.xsd"
    xmlns="http://www.loc.gov/MARC21/slim">

  <leader>01274nam a2200205 a 4500</leader>
  <controlfield tag="001">000087007</controlfield>
  <controlfield tag="005">20200120224929.0</controlfield>
  <controlfield tag="008">190703s2014    ck     d      000 f spa d</controlfield>
  <datafield tag="020" ind1=" " ind2=" ">
    <subfield code="a">9789583051043</subfield>
  </datafield>
  <datafield tag="041" ind1="0" ind2=" ">
    <subfield code="a">spa</subfield>
  </datafield>
  <datafield tag="090" ind1=" " ind2=" ">
    <subfield code="a">JN</subfield>
    <subfield code="b">POO</subfield>
  </datafield>
  <datafield tag="100" ind1="1" ind2=" ">
    <subfield code="a">Poole, Gabriella</subfield>
  </datafield>
  <datafield tag="245" ind1="1" ind2="0">
    <subfield code="a">Academia Darke :</subfield>
    <subfield code="b">Lazos de sangre /</subfield>
    <subfield code="c">Gabriella Pooler; traducci&#xF3;n Kris Rend&#xF3;n y Aejandra Mu&#xF1;oz Solano.</subfield>
  </datafield>
  <datafield tag="250" ind1=" " ind2=" ">
    <subfield code="a">Primera edici&#xF3;n</subfield>
  </datafield>
  <datafield tag="260" ind1=" " ind2=" ">
    <subfield code="a">Bogot&#xE1; :</subfield>
    <subfield code="b">Panamericana,</subfield>
    <subfield code="c">2014.</subfield>
  </datafield>
  <datafield tag="300" ind1=" " ind2=" ">
    <subfield code="a">256 p&#xE1;ginas.</subfield>
  </datafield>
  <datafield tag="490" ind1=" " ind2="0">
    <subfield code="a">Narrativa contempor&#xE1;nea</subfield>
  </datafield>
  <datafield tag="520" ind1="3" ind2=" ">
    <subfield code="a">"La Academia Darke es un colegio como ning&#xFA;n otro, un establecimiento de &#xE9;lite que se traslada a una nueva ciudad cada periodo escolar, con estudiantes incre&#xED;blemente hermosos, sofisticados y adinerados. Cassie, tras obtener una beca para estudiar all&#xED;, est&#xE1; segura de que no encajar&#xE1;; pero el paso del tiempo despierta su curiosidad: &#xBF;qu&#xE9; secretos oscuros esconden los elegidos, el selecto grupo de estudiantes que conserva su distancia con cualquier extra&#xF1;o? &#xBF;Qu&#xE9; sucedi&#xF3; realmente, hace un a&#xF1;o, cuando la &#xFA;ltima chica becada muri&#xF3; en misteriosas circunstancias? Una cosa s&#xED; es segura, saber poco puede ser peligroso, pero saber demasiado puede ser mortal."</subfield>
  </datafield>
  <datafield tag="700" ind1="1" ind2=" ">
    <subfield code="a">Rend&#xF3;n, Kris,</subfield>
    <subfield code="e">traductor</subfield>
  </datafield>
  <datafield tag="999" ind1=" " ind2=" ">
    <subfield code="c">11764</subfield>
    <subfield code="d">11764</subfield>
  </datafield>
  <datafield tag="952" ind1=" " ind2=" ">
    <subfield code="0">0</subfield>
    <subfield code="1">0</subfield>
    <subfield code="2">ddc</subfield>
    <subfield code="4">0</subfield>
    <subfield code="7">0</subfield>
    <subfield code="8">LJ</subfield>
    <subfield code="a">BPMOS</subfield>
    <subfield code="b">BPMOS</subfield>
    <subfield code="d">2020-01-20</subfield>
    <subfield code="i">NT</subfield>
    <subfield code="l">18</subfield>
    <subfield code="m">5</subfield>
    <subfield code="o">JN POO</subfield>
    <subfield code="o">Ej.1</subfield>
    <subfield code="p">MOS019691</subfield>
    <subfield code="q">2025-06-13</subfield>
    <subfield code="r">2025-04-24</subfield>
    <subfield code="s">2025-04-24</subfield>
    <subfield code="w">2020-01-20</subfield>
    <subfield code="y">BKLIT</subfield>
    <subfield code="z">Quince d&#xED;as</subfield>
  </datafield>
  <datafield tag="952" ind1=" " ind2=" ">
    <subfield code="0">0</subfield>
    <subfield code="1">0</subfield>
    <subfield code="2">ddc</subfield>
    <subfield code="4">0</subfield>
    <subfield code="7">0</subfield>
    <subfield code="8">LJ</subfield>
    <subfield code="a">BPMOS</subfield>
    <subfield code="b">BPMOS</subfield>
    <subfield code="d">2020-01-20</subfield>
    <subfield code="i">NT</subfield>
    <subfield code="l">15</subfield>
    <subfield code="m">2</subfield>
    <subfield code="o">JN POO</subfield>
    <subfield code="o">Ej.2</subfield>
    <subfield code="p">MOS019699</subfield>
    <subfield code="q">2026-06-13</subfield>
    <subfield code="r">2026-05-27</subfield>
    <subfield code="s">2026-05-27</subfield>
    <subfield code="w">2020-01-20</subfield>
    <subfield code="y">BKLIT</subfield>
    <subfield code="z">Quince d&#xED;as</subfield>
  </datafield>
  <datafield tag="952" ind1=" " ind2=" ">
    <subfield code="0">0</subfield>
    <subfield code="1">0</subfield>
    <subfield code="2">ddc</subfield>
    <subfield code="4">0</subfield>
    <subfield code="5">1</subfield>
    <subfield code="7">0</subfield>
    <subfield code="8">LJ</subfield>
    <subfield code="a">BPMOS</subfield>
    <subfield code="b">BPMOS</subfield>
    <subfield code="c">FIC</subfield>
    <subfield code="d">2026-02-16</subfield>
    <subfield code="e">Compra 2025</subfield>
    <subfield code="i">NT</subfield>
    <subfield code="l">0</subfield>
    <subfield code="o">JN POOa</subfield>
    <subfield code="p">MOS504605</subfield>
    <subfield code="r">2026-02-16</subfield>
    <subfield code="t">Ej.3</subfield>
    <subfield code="w">2026-02-16</subfield>
    <subfield code="y">BKLIT</subfield>
    <subfield code="z">Quince d&#xED;as</subfield>
  </datafield>
</record>
